<?xml version="1.0" encoding="UTF-8"?>
<marc:record xmlns:marc="http://www.loc.gov/MARC21/slim">
   <marc:leader>00000nam a2200000 a 4500</marc:leader>
   <marc:datafield ind1="1" ind2=" " tag="100">
      <marc:subfield code="a">Frass, Wolf</marc:subfield>
   </marc:datafield>
   <marc:datafield ind1="0" ind2="0" tag="245">
      <marc:subfield code="a">Ninjago 3</marc:subfield>
   </marc:datafield>
   <marc:datafield ind1="0" ind2="0" tag="245">
      <marc:subfield code="b">Masters of Spinjitzu</marc:subfield>
   </marc:datafield>
   <marc:datafield ind1=" " ind2="1" tag="264">
      <marc:subfield code="b">Lego</marc:subfield>
      <marc:subfield code="c">2012</marc:subfield>
   </marc:datafield>
   <marc:datafield ind1="1" ind2=" " tag="520">
      <marc:subfield code="a">Lloyd Garmadon befindet sich noch immer in der Gewalt der Schlangen. Um ihn befreien zu können, bracht Meister Sensei Wu einen mächtigen Verbündeten: seinen Bruder, den dunklen Lord Garmadon! Die vier Ninjas geraten unterdessen von einem Abenteuer ins nächste. Sie stellen fest, dass einer von ihnen ein Roboter ist, und nehmen sogar an einem Gesangswettbewerb teil. Aber vor allem müssen sie die vier magischen Reißzahnklingen finden. Denn wer sie besitzt, wird Ninjago beherrschen!</marc:subfield>
   </marc:datafield>
   <marc:datafield ind1=" " ind2=" " tag="020">
      <marc:subfield code="a">8691998122</marc:subfield>
      <marc:subfield code="9">8691998122</marc:subfield>
   </marc:datafield>
   <marc:datafield ind1="0" ind2=" " tag="490">
      <marc:subfield code="v">0</marc:subfield>
   </marc:datafield>
   <marc:datafield ind1=" " ind2=" " tag="300">
      <marc:subfield code="a">ca. 70 Min.</marc:subfield>
   </marc:datafield>
</marc:record>
